00563nam a2200169Ia 4500008004100000020001500041041001200056082001600068100001800084245004400102260003400146300000800180650001200188942000700200999001500207952017100222221030s9999 xx 000 0 und d a8185989192 aEnglish a105.23bDwi aR. S. Dwivedi 0aManaging Out Of Bondscby R. S. Dwivedi bGalgotia PubaNew Delhic1998 a387 aGeneral cBK c7347d7347 pBE 3777g175.00l0o105.23 Dwir2024-06-13 00:00:00w2022-10-30yBK003Print4070aMIETLIBbMIETLIBcBL-Academic Block B, FL-2, CUP-21, SH-4, R-4d2001-04-2310HBE